00902nam a22002297a 4500999001500000003000900015008004100024020001500065040007100080082001800151100002300169245007800192260003000270300002800300505014000328650002500468650002000493650002500513942001600538945002000554952009800574  c2198d2198AR-CdUCM190304b           ||||| |||| 00| 0 spa d  a9686642471  aMUNICIPALIDAD PROVINCIAL DEL CUSCOcBIBLIOTECA MUNICIPAL DEL CUSCO  a973.09 /bP75  aPollard, Robert A.  aLa seguridad económica y los orígenes de la guerra fría 1945-1950 /  aMexico :bGernika,c1988.  a499 páginas ;c20 cm.  aLa economia politica de los estados unidos en la posguerra -- Planificación para la paz -- La guerra fría en la esfera sovietica...  aGuerra fría.95243  aAlemania.91327  aPlan marshall.97931  2ddccLIBROS  awfjd2019-03-04  002ddc4070aSHbSHcCARTd2019-03-04g30.00o973.09 / P75pSH0000002595r2019-03-04yLIBROS